| 000 | 00780cab a2200241 4500 | ||
|---|---|---|---|
| 001 | WB3432-32 | ||
| 008 | 090401t1998 xxu||||| |||| 00| 0 eng d | ||
| 035 | _a(Sirsi) u88087 | ||
| 041 | _aeng | ||
| 245 | _aGym industry | ||
| 260 | _c1998 | ||
| 350 | _a0 | ||
| 490 |
_aIndependent _v21 August 1998, 8(1) |
||
| 520 | _aCity stockbrokers, Greig Middleton, have published a report on the fitness industry in the UK. There are now more than 2,000 centres making £1bn a year. The company forecasts that a further 300 centres will open in the next three years. | ||
| 650 | _aFITNESS CENTRES | ||
| 650 | _aFORECASTS | ||
| 650 | _aGYMS | ||
| 650 | _aLEISURE INDUSTRY | ||
| 650 | _aLEISURE MARKET | ||
| 690 | _aLEISURE AND RECREATION | ||
| 942 | _n0 | ||
| 948 | _c21/08/1998 | ||
| 999 |
_c55637 _d55637 |
||